| 000 | 00367nam a22001337a 4500 | ||
|---|---|---|---|
| 082 |
_a624.1821 _bBRO _cD |
||
| 100 |
_aBrockenbrough, R.L _925472 |
||
| 245 | _aSteel design manual | ||
| 260 |
_aUSA _bUnited States Steel Corporation _c1974 |
||
| 300 |
_axi, 260 p. : _bill. : _c6 Cm |
||
| 526 |
_a0 _b0 _c0 _d624_182100000000000_BRO |
||
| 650 |
_aD _96527 |
||
| 942 |
_2ddc _cBK |
||
| 999 |
_c546937 _d546937 |
||